El poder social cosas de Europa y otros ensayos
Guardat en:
| Autor principal: | |
|---|---|
| Format: | Llibre |
| Idioma: | espanyol |
| Publicat: |
Santiago
Nueva Epoca
1933
|
| Col·lecció: | Hombre e ideas. Filosofía-Política-Biografías
|
| Matèries: | |
| Etiquetes: |
Afegir etiqueta
Sense etiquetes, Sigues el primer a etiquetar aquest registre!
|
MARC
| LEADER | 00000nam a2200000 a 4500 | ||
|---|---|---|---|
| 001 | UCI4794 | ||
| 003 | CL-VaPUC | ||
| 005 | 20221118175705.0 | ||
| 008 | 080307e19330000CL |||||||||||||||||spa|d | ||
| 999 | |c 328641 |d 328639 | ||
| 040 | |c Pontificia Universidad Católica de Valparaíso | ||
| 082 | 0 | 4 | |a 864 |b ORT |2 21 |
| 100 | |a Ortega y Gasset, José |e autor |9 878566 | ||
| 245 | 1 | 3 | |a El poder social cosas de Europa y otros ensayos |
| 260 | |a Santiago |b Nueva Epoca |c 1933 | ||
| 300 | |a 188 p | ||
| 490 | 0 | |a Hombre e ideas. Filosofía-Política-Biografías | |
| 500 | |a Donación padres capuchinos | ||
| 583 | |a last modification |c 20080307 00:00:00 |k Rodrigo Vera | ||
| 650 | 0 | |a Ensayos españoles |9 313128 | |
| 942 | |c BK |2 ddc | ||
| 945 | |d 20080307 00:00:00 |a rbrito | ||
| 952 | |0 0 |1 0 |4 0 |6 864_000000000000000_ORT_1933 |7 0 |8 X |9 412710 |a FDOBUD |b FDOBUD |d 2019-11-22 |i 4407830 |o 864 ORT 1933 |p 4407830 |r 2019-11-22 |w 2019-11-22 |y BK_X |k BUD | ||